000 00587nam a22001937a 4500
003 KOHA_MİRAKIL
005 20251221170717.0
008 251221b tu ||||| |||| 00| 0 tur d
020 _a9786051960814
040 _aTR-AnABB
_btur
_cTR-AnABB
041 _atur
082 _a366.09561
_bARS 2017
100 1 _aArslanel, Müşfika Nazan,
245 1 0 _aTürkiye'de demokrasi sürecinde sivil toplumun gelişimi /
_cMüşfika Nazan Arslanel
260 _aKonya :
_bÇizgi Kitabevi,
300 _a184 sayfa ;
_c21 cm
650 0 4 _aSivil toplum örgütleri
942 _2ddc
_cBK
999 _c9880
_d9880
900 _bGizem YORULMAZ